000 00288nam a2200121Ia 4500
008 220216s9999 xx 000 0 und d
100 _aSalleh Mohd Nor
245 0 _aHeveawood: Timber of the future
260 _bPlanter
_c1984
300 _a370-381
650 _aRubberwood
942 _cJS
999 _c60353
_d60353